000 01683cam a22004337a 4500
001 13487878
003 OSt
005 20160707183731.0
008 040211s2003 enk b 001 0 eng
010 _a 2004296831
015 _aGBA2-U5116
016 7 _a101191182
_2DNLM
020 _a0852558678 (James Curry cloth)
020 _a0852558686 (James Curry paper)
020 _a0253343283 (Indiana cloth)
020 _a0253216354 (Indiana paper)
020 _a1919930116 (Double Storey Books)
035 _a(OCoLC)ocm50783610
040 _aNLM
_cNLM
_dUKM
_dGZM
_dDLC
042 _anlmcopyc
043 _af-sa---
082 _aWA 546
_bC152a 2003
100 1 _aCampbell, Catherine,
_910069
245 1 0 _aLetting them die :
_bwhy HIV/AIDS intervention programmes fail /
_cCatherine Campbell.
246 3 0 _aWhy HIV/AIDS intervention programmes fail
260 _aOxford :
_bInternational African Institute,
_c2003.
300 _aix, 214 p. ;
_c23 cm.
440 0 _aAfrican issues
_910070
500 _a"In association with James Currey, Indiana University Press [and] Double Storey."
504 _aIncludes bibliographical references (p. 197-206) and index.
650 0 _aAIDS (Disease)
_zSouth Africa
_xPrevention.
_910071
650 1 2 _aAcquired Immunodeficiency Syndrome
_xprevention & control
_zAfrica.
_910072
650 1 2 _aHIV Infections
_xprevention & control
_zAfrica.
_910073
650 2 2 _aPsychology, Social
_zAfrica.
_910074
710 2 _aInternational African Institute.
_910075
906 _a7
_bcbc
_ccopycat
_d2
_encip
_f20
_gy-gencatlg
942 _2z
_cO_SHELF
999 _c4680
_d4680